000 00459nam a2200181Ia 4500
005 20250425162825.0
008 250425s9999 xx 000 0 und d
020 _a9682612586
041 _aspa
100 _aFEIGENBAUM, ARMAND V.
245 0 _aCONTROL TOTAL DE LA CALIDAD =
_bTOTAL QUALITY CONTROL
250 _a3A ED.
264 _aMéxico, MEXICO
_bCECSA
_c1994.
300 _a922
650 _aCONTROL DE CALIDAD
942 _c01
010 _a110440
999 _c237164
_d237164